Sports Quiz

Random Sports Quiz

Allen County (Indiana) High Schools Quiz Stats

Quiz not verified by Sporcle

Also try: First Five: Sports
Challenge
Share
Tweet
Embed
Score 0/19 Timer 03:00
1 Play Today
High School % Correct
Northrop
100%
Bishop Dwenger
95.7%
Bishop Luers
95.7%
Concordia Lutheran
95.7%
Northside
95.7%
Southside
95.7%
Anthony Wayne
95.7%
Carroll
95.7%
R. Nelson Snider
87%
New Haven
87%
High School % Correct
Leo
87%
Homestead
87%
Woodlan
73.9%
Heritage
69.6%
Canterbury
69.6%
Blackhawk Christian
56.5%
Horizon Christian Academy
17.4%
Smith Academy for Excellence
13%
East Allen University
4.3%

You're not logged in!

Compare scores with friends on all Sporcle quizzes.
Join for Free
OR
Log In

You Might Also Like...

Show Comments

Extras

Top Quizzes Today


Score Distribution

Your Account Isn't Verified!

In order to create a playlist on Sporcle, you need to verify the email address you used during registration. Go to your Sporcle Settings to finish the process.

Report this User

Report this user for behavior that violates our Community Guidelines.

Details: